Futuh al-ghayb.

Saved in:

Main Author: ʿAbd al-Qādir al-Jīlānī, -1166 (Author)

Format: Book

Language: Arabic

Published: [Place of publication not identified] : [publisher not identified], 1864.

Subjects:

Tags: Add Tag

No Tags, Be the first to tag this record!

Call Number: (RA)BP183.6 .A2616 1864

LEADER 00901namaa2200241 4500
001 21362
003 OSt
005 20240423140503.0
008 130303s1864 xx 000 0 ara d
952 |0 0  |1 0  |2 lcc  |4 0  |7 1  |9 18523  |a ARCE  |b ARCE  |d 2021-09-09  |l 0  |o (RA)BP183.6 .A2616 1864  |r 2021-09-09 00:00:00  |w 2021-09-09  |y BK 
999 |c 21631  |d 21631 
040 |c ARCE Library 
050 4 |a (RA)BP183.6 .A2616 1864 
100 0 |6 880-01  |a ʿAbd al-Qādir al-Jīlānī,  |d -1166,  |e author 
245 1 0 |6 880-02  |a Futuh al-ghayb. 
264 1 |a [Place of publication not identified] :  |b [publisher not identified],  |c 1864. 
300 |a 121 pages ;  |c 24 cm. 
650 0 |a Islamic sermons, Arabic. 
650 0 |a Sufism  |x Prayers and devotions  |v Early works to 1800. 
880 1 0 |6 245-02/(3/r  |a فتوح الغيب 
880 0 |6 100-01/(3/r  |a عبد القادر الجيلاني،‪‪‪‪  |d -1166. 
901 |a reviewed 
942 |c BK  |2 lcc